000 01133nam2a22002651 4500
001 RU\NLR\INFOCOMM10\1000267355
005 20250617141218.0
035 _a(NLR Aleph) 002654432
090 _a3900205
_c3900205
100 _a20040713d1964 |||y0rusy50 ca
101 0 _arus
102 _aRU
105 _ay |||||||||
200 1 _aМодернизация коробки скоростей токарно-винторезного станка
_fВ.Т. Кириллов
210 _d1964
_aБ. м.
225 1 _aТема 25
_vВып.112
461 0 _1001RU\NLR\INFOCOMM10\1000264961
_12001#$aПередовой научно-технический и производственный опыт$fГос. Ком. Совета Министров РСФСР по координации науч.-исслед. работ. Гос. Науч.-исслед. ин-т науч. и техн. информации$v1964, №25-64-1486
700 1 _aКириллов
_bВ.Т.
_4070
801 1 _aRU
_bInfoComm
_c20040713
801 0 _aRU
_bNLR
_gPSBO
852 _aNLR
_jП11/2295
942 _cISSUE
980 _aNB
980 _aRUSPER